The Dorling Kindersley world reference atlas. (Record no. 550687)

000 -LEADER
fixed length control field 00701cem a2200193 a 4500
020 ## - INTERNATIONAL STANDARD BOOK NUMBER
International Standard Book Number 0789410850
082 00 - DEWEY DECIMAL CLASSIFICATION NUMBER
Classification number 912
Author Mark COR
-- L-NUST, P-40
110 2# - MAIN ENTRY--CORPORATE NAME
Corporate name or jurisdiction name as entry element Dorling Kindersley Publishing, Inc.
9 (RLIN) 47423
245 14 - TITLE STATEMENT
Title The Dorling Kindersley world reference atlas.
250 ## - EDITION STATEMENT
Edition statement 2nd American ed.
260 ## - PUBLICATION, DISTRIBUTION, ETC.
Place of publication, distribution, etc. New York ;
-- London :
Name of publisher, distributor, etc. Dorling Kindersley,
Date of publication, distribution, etc. c1996.
300 ## - PHYSICAL DESCRIPTION
Extent 1 atlas (731 p.) :
Other physical details col. ill., col. maps ;
Dimensions 27 cm.
500 ## - GENERAL NOTE
General note Includes index/gazetteer.
505 00 - FORMATTED CONTENTS NOTE
Formatted contents note The world today -- The nations of the world -- Overseas territories & dependencies -- Global issues.
526 ## - STUDY PROGRAM INFORMATION NOTE
Program name 0
Interest level 0
Reading level 0
Title point value 912_000000000000000_COR
650 #0 - SUBJECT ADDED ENTRY--TOPICAL TERM
Topical term or geographic name entry element Atlases.
9 (RLIN) 47424
650 #0 - SUBJECT ADDED ENTRY--TOPICAL TERM
Topical term or geographic name entry element NUST
9 (RLIN) 6342
942 ## - ADDED ENTRY ELEMENTS (KOHA)
Source of classification or shelving scheme
Koha item type Book
Holdings
Withdrawn status Lost status Source of classification or shelving scheme Damaged status Not for loan Permanent Location Current Location Date acquired Total Checkouts Full call number Barcode Date last seen Price effective from Koha item type
          Military College of Engineering (MCE) Military College of Engineering (MCE) 11/19/2014   912 COR MCE-44333 11/19/2014 11/19/2014 Book
© 2023 Central Library, National University of Sciences and Technology. All Rights Reserved.